000 004720000a22001930004500
001 2024
003 CO-MdFUSB
005 20170627193650.0
008 170627b xxu||||| |||| 00| 0 eng d
020 _a958-04-8533-X
040 _cCO-MdBIC
082 0 4 _a863C B862fo
100 1 _aHelme Heine
245 1 0 _aFoxtrot / Heine Helme
260 _aBogotá : Grupo Editoial Norma
300 _a32 P.
650 1 4 _aCuentos Infantiles Alemanes \ EcologĂ­a
942 _cLGB
999 _c49174
_d49174